Parásitos y perturbaciones en electrónica /
Esta obra describe las principales fuentes de perturbaciones, exponiendo el método general de análisis de un problema de compatibilidad electromagnética, permintiendo la evaluación de los acoplamientos entre elementos electrónicos. También se analizan los modos de funcionamiento de los blindajes, pr...
שמור ב:
| מחבר ראשי: | |
|---|---|
| פורמט: | ספר |
| שפה: | ספרדית |
| יצא לאור: |
Madrid, España :
Paraninfo,
1996, c1996
|
| נושאים: | |
| תגים: |
אין תגיות, היה/י הראשונ/ה לתייג את הרשומה!
|
MARC
| LEADER | 00000nam^a2200000^a^4500 | ||
|---|---|---|---|
| 001 | 000111132 | ||
| 005 | 20250521000000.0 | ||
| 009 | 20260310093822.44 | ||
| 020 | |a 84-283-2255-4 | ||
| 037 | |a Acervo ITESO - Biblioteca | ||
| 041 | |a ESP | ||
| 082 | |a 621. 38224 |b CHA | ||
| 100 | |a Charoy, Alain |e (autor) | ||
| 245 | 1 | 0 | |a Parásitos y perturbaciones en electrónica / |c A. Charoy ; tr. por Fernando Díaz-Hellín. |
| 264 | 4 | |a Madrid, España : |b Paraninfo, |c 1996, c1996 | |
| 300 | |a 341 p. | ||
| 336 | |a texto |b txt |2 rdacontenido | ||
| 337 | |a sin mediación |b n |2 rdamedio | ||
| 338 | |a volumen |b nc |2 rdasoporte | ||
| 500 | |a Traducción de: Parasites et perturbations des electróniques | ||
| 520 | |a Esta obra describe las principales fuentes de perturbaciones, exponiendo el método general de análisis de un problema de compatibilidad electromagnética, permintiendo la evaluación de los acoplamientos entre elementos electrónicos. También se analizan los modos de funcionamiento de los blindajes, protección de hilos y cables blindados. | ||
| 649 | |a XX | ||
| 650 | |a Ruido Electrónico | ||
| 650 | |a Filtros Eléctricos | ||
| 650 | |a Electrónica - |x Equipo y Aparatos | ||
| 650 | |a Impedancia (Electricidad) | ||
| 650 | |a Control Electrónico | ||
| 650 | |a Electrónica | ||
| 650 | |a Ingeniería Electrónica | ||
| 910 | |a Fondo General | ||
| 920 | |a Impresos - Libros | ||
| 930 | |a Colección General | ||
| 905 | |a 101 | ||
| 901 | |a 0500048435 |b IT1 |c ACC |u 20250521 | ||
| 902 | |a https://opac.biblio.iteso.mx/vufind/Record/000111132 | ||